Loading...
| Science - Chemistry | 0 | 6 | 0 | 1 | 60 | 19 | 70.67 | 3 | 5 | 22.65 | 42.95 |
| Science - Physics | 0 | 6 | 1 | 0 | 55 | 32 | 40.00 | 3 | 6 | 37.61 | 48.64 |
| Science - Biology | 0 | 5 | 0 | 0 | 50 | 64 | 86.20 | 0 | 2 | 14.28 | 26.14 |
| Science - Other | 0 | 4 | 0 | 0 | 40 | 15 | 55.25 | 1 | 3 | 19.80 | 30.68 |
| Social Science | 0 | 3 | 0 | 1 | 30 | 62 | 92.67 | 1 | 1 | 5.56 | 15.38 |
| History - European | 0 | 2 | 1 | 1 | 15 | 54 | 90.00 | 1 | 1 | 5.08 | 9.09 |
| Other Academic | 0 | 1 | 0 | 0 | 10 | 42 | 42.00 | 0 | 1 | 32.05 | 40.00 |
| Pop Culture | 0 | 1 | 0 | 0 | 10 | 141 | 141.00 | 0 | 0 | 0.23 | 13.33 |
| Mythology | 0 | 1 | 0 | 0 | 10 | 41 | 41.00 | 0 | 0 | 6.09 | 4.55 |
| Fine Arts - Other | 0 | 1 | 0 | 0 | 10 | 65 | 65.00 | 0 | 1 | 4.33 | 7.27 |
| History - American | 0 | 1 | 0 | 0 | 10 | 18 | 18.00 | 1 | 1 | 7.75 | 9.09 |
| Literature - European | 0 | 1 | 0 | 0 | 10 | 108 | 108.00 | 0 | 0 | 2.55 | 5.68 |
| Literature - World/Other | 0 | 1 | 0 | 0 | 10 | 85 | 85.00 | 0 | 0 | 3.94 | 3.03 |
| Fine Arts - Classical Music | 0 | 1 | 0 | 0 | 10 | 67 | 67.00 | 0 | 0 | 4.14 | 5.45 |
| History - Other | 0 | 1 | 1 | 0 | 5 | 62 | 62.00 | 1 | 1 | 4.62 | 9.09 |
| Fine Arts - Visual | 0 | 1 | 1 | 0 | 5 | 101 | 101.00 | 0 | 0 | 2.29 | 5.45 |